| 000 | 01416nam a22003374a 4500 | ||
|---|---|---|---|
| 001 | ebr10026252 | ||
| 003 | CaPaEBR | ||
| 006 | m u | ||
| 007 | cr cn||||||||| | ||
| 008 | 991206s2000 dcua sb 001 0 eng | ||
| 010 | _z 99050858 | ||
| 020 | _z0815728360 (cloth : alk. paper) | ||
| 020 | _z0815728352 (pbk. : alk. paper) | ||
| 040 |
_aCaPaEBR _cCaPaEBR |
||
| 035 | _a(OCoLC)614624256 | ||
| 050 | 1 | 4 |
_aLB2822.84.N45 _bF58 2000eb |
| 082 | 0 | 4 |
_a379.93 _221 |
| 100 | 1 | _aFiske, Edward B. | |
| 245 | 1 | 0 |
_aWhen schools compete _h[electronic resource] : _ba cautionary tale / _cEdward B. Fiske and Helen F. Ladd. |
| 260 |
_aWashington, D.C. : _bBrookings Institution Press, _cc2000. |
||
| 300 |
_axvii, 342 p. : _bill. |
||
| 504 | _aIncludes bibliographical references (p. 323-328) and index. | ||
| 533 |
_aElectronic reproduction. _bPalo Alto, Calif. : _cebrary, _d2013. _nAvailable via World Wide Web. _nAccess may be limited to ebrary affiliated libraries. |
||
| 650 | 0 |
_aSchool improvement programs _zNew Zealand _vCase studies. |
|
| 650 | 0 |
_aEducation _xSocial aspects _zNew Zealand _vCase studies. |
|
| 650 | 0 |
_aEducation and state _zNew Zealand _vCase studies. |
|
| 655 | 7 |
_aElectronic books. _2local |
|
| 700 | 1 | _aLadd, Helen F. | |
| 710 | 2 | _aebrary, Inc. | |
| 856 | 4 | 0 |
_uhttp://site.ebrary.com/lib/rucke/Doc?id=10026252 _zAn electronic book accessible through the World Wide Web; click to view |
| 999 |
_c23016 _d23016 |
||